00357pab a2200133 454500008004000000100002400040245002500064260000900089300001500098362001200113650003100125650002300156773004400179180718b1986 xxu||||| |||| 00| 0 eng d aNarasimha Rao, P.V. aNew education policy c1986 ap.468-472. aJul-Sep aEducational policy - India aEducational policy aIndian Journal of Public Administration